LEADER 03725nam 2200757 450 001 9910459824103321 005 20200520144314.0 010 $a1-61251-478-2 035 $a(CKB)3710000000237737 035 $a(EBL)1577594 035 $a(OCoLC)878224867 035 $a(SSID)ssj0001332623 035 $a(PQKBManifestationID)11785503 035 $a(PQKBTitleCode)TC0001332623 035 $a(PQKBWorkID)11377477 035 $a(PQKB)10034682 035 $a(MiAaPQ)EBC1577594 035 $a(DLC) 2014016371 035 $a(Au-PeEL)EBL1577594 035 $a(CaPaEBR)ebr11012286 035 $a(CaONFJC)MIL868412 035 $a(EXLCZ)993710000000237737 100 $a20140423h20142014 uy| 0 101 0 $aeng 135 $aurcnu|||||||| 181 $ctxt 182 $cc 183 $acr 200 10$aComics and conflict $epatriotism and propaganda from WWII through Operation Iraqi Freedom /$fCord A. Scott 210 1$aAnnapolis, Maryland :$cNaval Institute Press,$d[2014] 210 4$dİ2014 215 $a1 online resource (432 p.) 300 $aDescription based upon print version of record. 311 $a1-61251-477-4 320 $aIncludes bibliographical references and index. 327 $aCover; Title Page; Copyright; Dedication; Contents; Preface; 1. Entertaining and Informing the Masses; 2. Fighting for Freedom (1939-45); 3. The Cold War Erupts, and Comics-Mostly-Toe the Line (1945-62); 4. War Comics in a Time of Upheaval (1962-91); 5. The Resurgence of Superheroes after the Fall of Communism (1991-2001); 6. The Role of Comics after 9/11 (2001-3); 7. Comics and the Soul of Combat (2003-10); 8. Conclusion: Concepts of War through Comic Books; Appendix: The Comics Code; Notes; Bibliography; Index; The Author 330 $a"The comic book, which emerged in its modern form in the 1930s, was initially a form of simple, visual entertainment that gave readers, especially children, a form of escape from daily life. However, as World War II began, comic books evolved into a form of propaganda, providing information and education for both children and adults. Comics and Conflict examines how comic books were used to display patriotism, valor and adventure through war stories, and eventually to tell of the horrors of combat from World War II through the current conflicts in Iraq and Afghanistan"--$cProvided by publisher. 606 $aWorld War, 1939-1945$xSocial aspects$zUnited States 606 $aComic books, strips, etc$zUnited States$xHistory$y20th century 606 $aComic books, strips, etc$zUnited States$xHistory$y21st century 606 $aSuperheroes$zUnited States$xHistory$y20th century 606 $aSuperheroes$zUnited States$xHistory$y21st century 606 $aPropaganda$zUnited States$xHistory$y20th century 606 $aPropaganda$zUnited States$xHistory$y21st century 606 $aWar and society$zUnited States$xHistory$y20th century 606 $aWar and society$zUnited States$xHistory$y21st century 608 $aElectronic books. 615 0$aWorld War, 1939-1945$xSocial aspects 615 0$aComic books, strips, etc.$xHistory 615 0$aComic books, strips, etc.$xHistory 615 0$aSuperheroes$xHistory 615 0$aSuperheroes$xHistory 615 0$aPropaganda$xHistory 615 0$aPropaganda$xHistory 615 0$aWar and society$xHistory 615 0$aWar and society$xHistory 676 $a940.53/1 686 $aHIS027100$aHIS054000$aHIS027000$2bisacsh 700 $aScott$b Cord A.$01056400 801 0$bMiAaPQ 801 1$bMiAaPQ 801 2$bMiAaPQ 906 $aBOOK 912 $a9910459824103321 996 $aComics and conflict$92490732 997 $aUNINA LEADER 03480nam 22006255 450 001 9910595039103321 005 20230810233639.0 010 $a981-19-4866-6 024 7 $a10.1007/978-981-19-4866-4 035 $a(MiAaPQ)EBC7098196 035 $a(Au-PeEL)EBL7098196 035 $a(CKB)24865888400041 035 $a(DE-He213)978-981-19-4866-4 035 $a(PPN)264956869 035 $a(EXLCZ)9924865888400041 100 $a20220920d2022 u| 0 101 0 $aeng 135 $aurcnu|||||||| 181 $ctxt$2rdacontent 182 $cc$2rdamedia 183 $acr$2rdacarrier 200 10$aBast Fibers and Their Composites $eProcessing, Properties and Applications /$fedited by G. Rajeshkumar, G.L. Devnani, Shishir Sinha, M.R. Sanjay, Suchart Siengchin 205 $a1st ed. 2022. 210 1$aSingapore :$cSpringer Nature Singapore :$cImprint: Springer,$d2022. 215 $a1 online resource (266 pages) 225 1 $aSpringer Series on Polymer and Composite Materials,$x2364-1886 311 08$aPrint version: Rajeshkumar, G. Bast Fibers and Their Composites Singapore : Springer,c2022 9789811948657 327 $a1. Introduction to bast fibers -- 2. Effect of extraction methods on the properties of bast fibres -- 3. Chemical modifications of natural fiber surface and their effects -- 4. Physical modification of bast fibres surface and their effects -- 5. Green methods for surface modification of bast fibers -- 6. Surface modification and its effect on interfacial properties -- 7. Manufacturing aspects of bast fiber-based composites -- 8. Thermal stability of polymer composites reinforced with bast fibers -- 9. Water absorption behavior of bast fibers incorporated polymer composites -- 10. Rheological properties of bast fibre composites -- 11. Dielectric properties of bast fibre composites -- 12. Biodegradable bast fiber- based composites -- 13. Free vibration characteristics of bast fiber-based polymeric composites -- 14. Characterization of bast fiber composites added with nano reinforcements. 330 $aThis edited book focuses on processing, properties, and applications of bast fiber and its composites written by renowned researchers and academicians. The contents focus on properties such as rheological and dielectric of bast fiber composites. It also discusses its dynamic mechanical analysis, thermal stability of polymer composites reinforced with bast fibers, and water absorption behavior of bast fiber incorporated polymer composites. This book will be beneficial to both the industry and academia as it highlights possible avenues of future research. 410 0$aSpringer Series on Polymer and Composite Materials,$x2364-1886 606 $aBuilding materials 606 $aComposite materials 606 $aPolymers 606 $aElectronics$xMaterials 606 $aWood, fabric, and textiles 606 $aComposites 606 $aPolymers 606 $aElectronic Materials 615 0$aBuilding materials. 615 0$aComposite materials. 615 0$aPolymers. 615 0$aElectronics$xMaterials. 615 14$aWood, fabric, and textiles. 615 24$aComposites. 615 24$aPolymers. 615 24$aElectronic Materials. 676 $a620.118 702 $aRajeshkumar$b G. 801 0$bMiAaPQ 801 1$bMiAaPQ 801 2$bMiAaPQ 906 $aBOOK 912 $a9910595039103321 996 $aBast fibers and their composites$93034383 997 $aUNINA